01687 a2200229 45000010006000000050017000060080041000230030015000640400040000790800056001192450053001750200022002282500012002502640040002623000025003025050899003271000018012267000024012447000028012687000021012968560140013172428920260407155527.0260407a2013 arg spa dAR-UNSa-BCEJYS aAR-UNSa-BCEJYSbspacAR-UNSa-BCEJYS a519.2xProbabilidades y estadística matemática 10aEstadística para administración y economía a978-84-15552-20-8 a8a. ed. 1aMadrid :bPearson Educaciónc2013 axxvi, 852 p.c27 cm. a1. La utilización de gráficos para describir datos - 2. La utilización de medidas numéricas para describir datos - 3. El azar: métodos de probabilidad - 4. Distribuciones de probabilidad discretas - 5. Distribuciones de probabilidad continua - 6. Distribuciones de estadísticos muestrales - 7. Estimación de intervalos de confianza: una población - 8. Estimación de intervalos de confianza: otros temas - 9. Contrastes de hipótesis de una población - 10. Contraste de hipótesis de dos poblaciones - 11. Análisis de regresión con dos variables - 12. Analisis de regresión con múltiples variables - 13. Otros temas del análisis de regresión - 14. Introducción a la estadística no paramétrica - 15. Análisis de la varianza - 16. Predicción con modelos de series temporales - 17. Muestreo: estratificado, por conglomerados y otros métodos de muestreo1 aNewbold, Paul1 aCarlson, William L.1 aRabasco, María Esther1 aThorne, Betty M.41uhttps://biblioeco.unsa.edu.ar/pmb/images/libros/Estadistivas para administracion y economia2-l119640.jpgyImagen de portadaqimage/jpeg